000 00280nam a22001097a 4500
082 _a900/THA
100 _aThapa,Bhekh Bahadur
_983721
245 _aA Life In Public Service Nepal From Autocracy To Democracy
260 _aHarayana
_bPenguin
_c2026
650 _aHistory
942 _cBK
999 _c68682
_d68682